00513 2200205 4500001002100000005001500021035002000036007000300056008004100059082001200100084001800112100001800130245004400148250001000192260003300202300002100235650002100256856001400277990001600291INLIS00000000000072720240728101824 a0010-1220000156ta240728 0 ind  a297.266 a297.266 AHM k0 aAhmadie Thaha1 aKedokteran dalam Islam /cAhmadie Thaha acet.1 aSurabaya :bBina Ilmu,c1983 a152 hlm ;c21 cm 4akedokteran islam aKelas 297 a00000001007